[Event "48th Capablanca Open I 2013"]
[Site "Havana CUB"]
[Date "2013.04.22"]
[Round "2.4"]
[White "Hevia,A"]
[Black "Oliva,K"]
[Result "1-0"]
[WhiteElo "2515"]
[BlackElo "2376"]

1.d4 Nf6 2.Nf3 g6 3.c4 Bg7 4.Nc3 O-O 5.e4 d6 6.Be2 e5 7.O-O Na6 8.Re1 c6
9.Bf1 Qb6 10.c5 dxc5 11.Na4 Qd8 12.Bxa6 bxa6 13.Nxc5 exd4 14.Nxd4 Ng4 15.Nf3 Qa5
16.Nd3 c5 17.h3 c4 18.Nf4 Ne5 19.Nxe5 Bxe5 20.Nd5 Bb7 21.Bd2 Qb5 22.a4 Qb3
23.Qxb3 cxb3 24.Bc3 Bxd5 25.Bxe5 Be6 26.Rad1 Rfd8 27.Bf6 Rd7 28.a5 Re8 29.g4 h6
30.f4 Kf8 31.Kf2 Rc7 32.Rd6 Rc2+ 33.Kg3 Bc8 34.Red1 Bb7 35.Rd8 Rc8 36.Rxe8+ Rxe8
37.e5 Bc8 38.Rd6 Kg8 39.Rc6 Bd7 40.Rxa6 Ra8 41.Kf3 Bb5 42.Rd6 Re8 43.f5 a6
44.Kf4 Rc8 45.h4 gxf5 46.gxf5 Kf8 47.Rb6 Ke8 48.e6 Bc4 49.Rb7 fxe6 50.fxe6 Kf8
51.Kf5 Rc5+ 52.Kg6 Rb5 53.Rf7+  1-0

[Event "Nakhchivan Open A 2013"]
[Site "Nakhchivan AZE"]
[Date "2013.04.22"]
[Round "1.21"]
[White "Kotsur,P"]
[Black "Agasiyev,Ka"]
[Result "1-0"]
[WhiteElo "2552"]
[BlackElo "2244"]

1.Nf3 Nf6 2.c4 g6 3.Nc3 Bg7 4.e4 d6 5.d4 O-O 6.Be2 e5 7.d5 a5 8.Bg5 h6 9.Bh4 Na6
10.Nd2 Nc5 11.O-O Bd7 12.b3 Qe8 13.a3 Nh7 14.b4 axb4 15.axb4 Rxa1 16.Qxa1 Na6
17.Qb2 f5 18.f3 g5 19.Bf2 g4 20.fxg4 fxg4 21.c5 h5 22.c6 Bc8 23.Be3 Rxf1+
24.Bxf1 g3 25.h3 b5 26.Nxb5 Qf8 27.Na7 Bh6 28.Qc3 Bxe3+ 29.Qxe3 h4 30.Bxa6 Bxa6
31.b5 Bc8 32.Nf3  1-0

[Event "7th Agzamov Memorial"]
[Site "Tashkent UZB"]
[Date "2013.04.22"]
[Round "9"]
[White "Ziyaev,N"]
[Black "Nigmatov,Ortik"]
[Result "0-1"]
[WhiteElo "2175"]
[BlackElo "1949"]

1.d4 Nf6 2.Nf3 g6 3.c4 Bg7 4.Nc3 O-O 5.e4 d6 6.Be2 e5 7.d5 a5 8.Bg5 h6 9.Bh4 Na6
10.O-O Nc5 11.Nd2 Bd7 12.b3 Qe8 13.Bxf6 Bxf6 14.Bg4 Bxg4 15.Qxg4 Bg5 16.Qe2 f5
17.Nf3 Bf6 18.Rab1 Bg7 19.Nd2 Qd7 20.a3 Kh7 21.b4 axb4 22.axb4 Na4 23.Rfc1 Nxc3
24.Rxc3 Ra2 25.Qd3 fxe4 26.Qe3 Qf5 27.Rf1 h5 28.Nxe4 Bh6 29.Qe1 Qg4 30.h3 Qe2
31.c5 Qxe1 32.Rxe1 Bd2 33.Nxd2 Rxd2 34.f3 Ra8 35.b5 b6 36.cxd6 cxd6 37.Rc6 Raa2
38.Rxd6 Rxg2+ 39.Kh1 Rh2+ 40.Kg1 Rxh3 41.Rxb6 h4 42.d6 Rg3+ 43.Kh1 Rgg2 44.Rd1 Rh2+
45.Kg1 Rag2+ 46.Kf1 h3  0-1

[Event "Zonal 2.5 2013"]
[Site "Montevideo URU"]
[Date "2013.04.23"]
[Round "7.10"]
[White "Michailov,M"]
[Black "Caceres Recalde,F"]
[Result "1-0"]
[WhiteElo "2158"]
[BlackElo "2235"]

1.d4 Nf6 2.c4 g6 3.Nc3 Bg7 4.e4 d6 5.Nf3 O-O 6.Be2 Na6 7.O-O e5 8.d5 Nc5
9.Qc2 a5 10.Bg5 h6 11.Be3 Nh5 12.Rfe1 Nf4 13.Bf1 g5 14.a3 f5 15.b4 Nxe4 16.Nxe4 fxe4
17.Nd2 Bf5 18.Reb1 axb4 19.axb4 Qf6 20.Rxa8 Rxa8 21.c5 Nxd5 22.Bc4 c6 23.Qb3 Qf7
24.Rd1 dxc5 25.bxc5 Rd8 26.Rb1 Rd7 27.Ra1 Kh7 28.Ra7 Be6 29.h3 Bf5 30.Nf1 Qe7
31.Ng3 Bg6 32.Ra8 Bf6 33.Rb8 h5 34.Nf1 Kg7 35.Be2 Bf7 36.Ng3 Nf4 37.Bxf4 exf4
38.Nf5+ Kh7 39.Bc4 Bxc4 40.Qxc4 Qf7 41.Qxe4 Qg6 42.Qe6 Rf7 43.Qe8 Be5 44.Qxe5  1-0

[Event "Nakhchivan Open A 2013"]
[Site "Nakhchivan AZE"]
[Date "2013.04.25"]
[Round "4.12"]
[White "Zhukova,N"]
[Black "Mamedov,Rau"]
[Result "1/2-1/2"]
[WhiteElo "2476"]
[BlackElo "2662"]

1.d4 d6 2.Nf3 g6 3.c4 Bg7 4.Nc3 Nf6 5.e4 O-O 6.Be2 Na6 7.O-O e5 8.Be3 Qe8
9.h3 b6 10.Qc2 exd4 11.Nxd4 Bb7 12.f3 Nh5 13.Qd2 f5 14.exf5 gxf5 15.Bh6 Bxh6
16.Qxh6 Qg6 17.Qxg6+ hxg6 18.Rfe1 Rfe8 19.Ncb5 Ng3 20.Kf2 Nxe2 21.Rxe2 Rxe2+
22.Nxe2 d5 23.cxd5 Bxd5 24.Nec3 Be6 25.Rd1 Kf7 26.g4 c6 27.Nd4  1/2-1/2

[Event "Nakhchivan Open A 2013"]
[Site "Nakhchivan AZE"]
[Date "2013.04.25"]
[Round "4.3"]
[White "Kurnosov,I"]
[Black "Guseinov,G"]
[Result "1/2-1/2"]
[WhiteElo "2649"]
[BlackElo "2623"]

1.d4 Nf6 2.c4 g6 3.Nc3 Bg7 4.e4 d6 5.Nf3 O-O 6.Be2 e5 7.O-O Na6 8.Be3 Qe7
9.dxe5 dxe5 10.Nd5 Qd8 11.Qc2 c6 12.Nxf6+ Bxf6 13.c5 Nc7 14.Rfd1 Qe7 15.h3 a5
16.a4 Ne6 17.Qc3 Nf4 18.Bf1 Bg7 19.Rd6 Kh8 20.Re1 Be6 21.Qd2 g5 22.Qc3 f6
23.Nd2 Rfd8 24.Rxd8+ Qxd8 25.Bc4 Qd7 26.Bxe6 Qxe6 27.Nc4 f5 28.exf5 Qxf5
29.Nd6 Qe6 30.Bxf4 gxf4 31.Qf3 Qa2 32.b3 Qd2 33.Qe4 Rf8 34.Nxb7 f3 35.gxf3 Rf4
36.Qe3 Qd7 37.Nxa5 Qxh3 38.Qxf4 exf4 39.Re8+ Bf8 40.Rxf8+ Kg7 41.Rxf4 Qd7
42.b4 Qd1+ 43.Kg2 Qxa4 44.Nb7 Qb3 45.Nd8 Qd5 46.Rd4 Qf5 47.Rg4+ Kf6 48.Nxc6 h5
49.Nd4 Qe5 50.Re4 Qg5+ 51.Kh2 Qc1 52.Ne2 Qf1 53.Kg3 Kg5 54.Re5+ Kf6 55.Re4 Kg5
56.Re5+ Kf6 57.Re8 Qh1 58.Rh8 Kg5 59.Rg8+ Kf6 60.Rh8 Kg5 61.f4+ Kg6 62.Rg8+ Kf6
63.Rg5 h4+ 64.Kg4 Qf1 65.Rf5+ Kg6 66.Rg5+ Kf6 67.Rf5+ Kg6 68.Rg5+  1/2-1/2

[Event "Western Pacific Open 2013"]
[Site "Los Angeles USA"]
[Date "2013.04.26"]
[Round "1"]
[White "Sarkar,J"]
[Black "Mousseri,Daniel"]
[Result "1-0"]
[WhiteElo "2437"]
[BlackElo "2028"]

1.d4 Nf6 2.c4 g6 3.Nc3 Bg7 4.e4 d6 5.Nf3 O-O 6.Be2 e5 7.O-O Na6 8.Rb1 exd4
9.Nxd4 Nc5 10.f3 a5 11.Be3 Nfd7 12.Qd2 f5 13.exf5 gxf5 14.Ndb5 Ne6 15.f4 Ndc5
16.Bf3 Bd7 17.Rfd1 Bc6 18.Bd5 Kh8 19.b3 Qd7 20.a3 Rae8 21.b4 axb4 22.axb4 Ne4
23.Nxe4 fxe4 24.Bxe6 Rxe6 25.Nd4 b6 26.Nxe6 Qxe6 27.c5 bxc5 28.bxc5 dxc5
29.Bxc5 Ra8 30.Bd4 Bxd4+ 31.Qxd4+ Kg8 32.f5 Qf7 33.Rbc1 Bb7 34.Qe5 Rf8 35.Rxc7  1-0

[Event "48th Capablanca Open I 2013"]
[Site "Havana CUB"]
[Date "2013.04.27"]
[Round "6.17"]
[White "Diaz,Rid"]
[Black "De la Paz Perdomo,F"]
[Result "0-1"]
[WhiteElo "2349"]
[BlackElo "2440"]

1.d4 Nf6 2.c4 g6 3.Nc3 Bg7 4.e4 d6 5.Nf3 O-O 6.Be2 Na6 7.O-O e5 8.Re1 c6
9.h3 Nh5 10.Be3 Nc7 11.dxe5 dxe5 12.c5 Ne6 13.Bf1 Qe7 14.b4 Rd8 15.Qb1 Nd4
16.Nd2 a5 17.Rc1 Nf4 18.Kh2 axb4 19.Qxb4 Nfe6 20.Na4 b5 21.Nb2 Bf8 22.Nd3 Ra4
23.Qb2 Bg7 24.Nb1 Nf4 25.Nb4 Bxh3 26.gxh3 Nf3+ 27.Kg3 Nh4 28.f3 Qg5+ 29.Kh2 Nxf3+
30.Kh1 Qg3 31.Nxc6 Rd2 32.Qxd2 Nxd2 33.Bxf4 Qxf4 34.Ne7+ Kf8 35.Nd5 Qxe4+
36.Bg2 Qd4 37.c6 Nc4 38.Nbc3 e4 39.Nxa4 Qxd5 40.c7 Qc6 41.Rab1 Bh6 42.Rc2 Qxc7
43.Nb2 e3 44.a4 Qa7 45.Nxc4 bxc4 46.Rxc4 e2 47.Re4 Qf2 48.a5 Be3  0-1

[Event "48th Capablanca Open I 2013"]
[Site "Havana CUB"]
[Date "2013.04.28"]
[Round "7.52"]
[White "Frometa Castillo,Z"]
[Black "Figueredo Losada,L"]
[Result "1/2-1/2"]
[WhiteElo "2121"]
[BlackElo "2347"]

1.d4 d6 2.Nf3 Nf6 3.c4 g6 4.Nc3 Bg7 5.e4 O-O 6.Be2 e5 7.dxe5 dxe5 8.O-O Nbd7
9.Qc2 c6 10.b3 Re8 11.Rd1 Bf8 12.a3 a5 13.h3 Qc7 14.Na4 Nc5 15.Nxc5 Bxc5
16.Bb2 Nh5 17.Bc3 Nf4 18.Bf1 f6 19.b4 axb4 20.axb4 Rxa1 21.Rxa1 Bf8 22.Ra8 c5
23.b5 Rd8 24.Qa4 Be6 25.Rxd8 Qxd8 26.Qc2 Qd7 27.Kh2 g5 28.Bd2 Ng6 29.Be3 h5
30.Qd2 Qxd2 31.Nxd2 b6 32.Be2 h4 33.Bg4 Bf7 34.Kg1 Nf4 35.Bxf4 exf4 36.Kf1 Bd6
37.Ke2 Be5 38.Kd3 Kf8 39.Bd7 Ke7 40.Bc6 Kd6 41.Bd5 Bh5 42.f3 Bg6 43.Bb7 Kc7
44.Bd5 Kd7 45.Bc6+ Kd6 46.Bb7 Bd4 47.Bd5 Be8 48.Bb7 Bd7 49.Bd5 Ke5 50.Bb7 Bb2
51.Nf1 Bd4 52.Nh2  1/2-1/2

[Event "48th Capablanca Open II 2013"]
[Site "Havana CUB"]
[Date "2013.04.28"]
[Round "7.21"]
[White "Macias,Ma"]
[Black "Pich Lopez,Marian Liliam"]
[Result "1-0"]
[WhiteElo "2162"]
[BlackElo "2000"]

1.d4 Nf6 2.c4 g6 3.Nc3 Bg7 4.e4 d6 5.Nf3 O-O 6.Be2 e5 7.Be3 Ng4 8.Bg5 f6
9.Bh4 exd4 10.Nxd4 Ne5 11.O-O g5 12.Bg3 Nbc6 13.Nf5 Bxf5 14.exf5 Ne7 15.f4 gxf4
16.Rxf4 Bh6 17.Rf1 Kh8 18.Bd3 N7c6 19.Nd5 Nxd3 20.Qxd3 Ne5 21.Qd4 c6 22.Bf4 Bxf4
23.Nxf4 Qb6 24.Qxb6 axb6 25.b3 Ra3 26.Rfd1 Rfa8 27.Rxd6 Rxb3 28.Nh5 Rb2 29.Nxf6 Kg7
30.Re6 Nxc4 31.Nh5+ Kf7 32.Rae1 Rbxa2 33.Rf6+ Kg8 34.Re7 Ra1+ 35.Kf2 R1a2+
36.Kg3 R2a3+ 37.Kh4 R3a4 38.Kg5 Ra2 39.g4  1-0

[Event "Mistrzostwa Malopolski A"]
[Site "Krakow POL"]
[Date "2013.04.28"]
[Round "1.2"]
[White "Zajac,Mat"]
[Black "Mikrut,D"]
[Result "0-1"]
[WhiteElo "2060"]
[BlackElo "2361"]

1.d4 Nf6 2.c4 g6 3.Nc3 Bg7 4.e4 d6 5.Nf3 O-O 6.Be2 Nbd7 7.O-O e5 8.Qc2 Nh5
9.Rd1 Nf4 10.Bf1 c5 11.dxc5 dxc5 12.Nd5 Ne6 13.Bd3 Nb8 14.b4 cxb4 15.Nxb4 Nd7
16.Bb2 Nd4 17.Nxd4 exd4 18.Nd5 Ne5 19.Be2 Nc6 20.Rab1 Re8 21.c5 f5 22.Bc4 Kh8
23.f3 fxe4 24.fxe4 Be5 25.Rf1 Be6 26.Ba1 Rb8 27.Nf4 Bxc4 28.Qxc4 Qg5 29.Nd3 Bg7
30.Rbe1 Rf8 31.Kh1 Qd2 32.h3 a6 33.Qb3 Na5 34.Qb1 Nc4 35.Rxf8+ Rxf8 36.Rd1 Qe3
37.Qc1 Qe2 38.Qb1 Ne3 39.Rg1 Rf1  0-1

[Event "Western Pacific Open 2013"]
[Site "Los Angeles USA"]
[Date "2013.04.28"]
[Round "5"]
[White "Kretchetov,A"]
[Black "Stein,J"]
[Result "1-0"]
[WhiteElo "2271"]
[BlackElo "2109"]

1.d4 Nf6 2.c4 g6 3.Nc3 Bg7 4.e4 d6 5.Nf3 O-O 6.Be2 e5 7.Be3 Ng4 8.Bg5 f6
9.Bh4 g5 10.Bg3 Nh6 11.O-O Nc6 12.d5 Ne7 13.Nd2 f5 14.f3 Kh8 15.Bf2 c5 16.dxc6 bxc6
17.Qa4 d5 18.cxd5 cxd5 19.exd5 Nxd5 20.Nxd5 Qxd5 21.Nc4 Be6 22.Rad1 Qb7 23.b3 Rfd8
24.Qa5 Nf7 25.Rfe1 Rd5 26.Rxd5 Qxd5 27.Rd1 Qxa5 28.Nxa5 Bf6 29.Ba6 Bd8 30.Bb7 Bxa5
31.Bxa8 Bb6 32.Bxb6 axb6 33.Bd5 Nd8 34.Bc4  1-0

[Event "TCh-SUI 2013"]
[Site "Switzerland SUI"]
[Date "2013.04.28"]
[Round "2.5"]
[White "Huss,A"]
[Black "Vogt,L"]
[Result "1-0"]
[WhiteElo "2346"]
[BlackElo "2402"]

1.d4 Nf6 2.c4 g6 3.Nf3 Bg7 4.Nc3 O-O 5.e4 d6 6.Be2 Na6 7.O-O e5 8.d5 Nc5
9.Qc2 a5 10.Bg5 h6 11.Be3 Nh5 12.g3 b6 13.Kh1 Bg4 14.Ng1 Qc8 15.Bxg4 Qxg4
16.a3 Qd7 17.b4 Nb7 18.Qa4 Qxa4 19.Nxa4 f5 20.Nc3 Nf6 21.f3 fxe4 22.Nxe4 Nxe4
23.fxe4 Rxf1 24.Rxf1 axb4 25.axb4 Ra4 26.Bd2 Bf8 27.Nf3 Kg7 28.Kg2 Be7 29.Kf2 Nd8
30.g4 Ra2 31.Ke2 Nf7 32.h4 Ra3 33.Rc1 h5 34.g5 Kf8 35.Bc3 Ke8 36.Kd3 Kd7
37.Ra1 Rxa1 38.Bxa1 c5 39.dxc6+ Kxc6 40.Bb2 b5 41.Bc1 Bd8 42.Be3 Bc7 43.Nd2 Nd8
44.Nb1 Bb6 45.Bxb6 Kxb6 46.Nc3 bxc4+ 47.Kxc4 Kc6 48.Nd5 Kd7 49.Nf6+ Kc7 50.Kd5 Nc6
51.Ke6 Nxb4 52.Kf7 d5 53.exd5 Kd6 54.Kxg6 Nxd5 55.Nxd5 Kxd5 56.Kf6  1-0

[Event "45th Italian Teams 2013"]
[Site "Bratto ITA"]
[Date "2013.04.30"]
[Round "5"]
[White "Vezzosi,P"]
[Black "Mogranzini,R"]
[Result "0-1"]
[WhiteElo "2282"]
[BlackElo "2509"]

1.Nf3 Nf6 2.c4 g6 3.Nc3 Bg7 4.e4 d6 5.d4 O-O 6.Be2 c6 7.O-O e5 8.Re1 exd4
9.Nxd4 Re8 10.Bf1 Nbd7 11.Rb1 a5 12.Bg5 Nc5 13.f3 a4 14.Qd2 Qa5 15.Bh4 Be6
16.Red1 Ncd7 17.b4 axb3 18.axb3 Nh5 19.b4 Qc7 20.Bf2 Ne5 21.Nxe6 Rxe6 22.Ra1 Rxa1
23.Rxa1 Re8 24.Ra7 Qb8 25.Ra2 Nf6 26.h3 Ned7 27.Na4 Nh5 28.g4 Nhf6 29.Kg2 h6
30.Bg3 Ne5 31.Nb6 Qc7 32.c5 dxc5 33.bxc5 Rd8 34.Qc3 Nfd7 35.Nxd7 Rxd7 36.Ra8+ Kh7
37.Re8 Re7 38.Rxe7 Qxe7 39.Qb4 g5 40.f4 gxf4 41.Bxf4 b5 42.Be2 Qe6 43.Qa3 Ng6
44.Qe3 Be5 45.Bxe5 Qxe5  0-1

[Event "Old Capital Open 2013"]
[Site "Veliko Tarnovo BUL"]
[Date "2013.05.01"]
[Round "1.11"]
[White "Ivanov,Bor BUL"]
[Black "Nancheva,Doroteya"]
[Result "1/2-1/2"]
[WhiteElo "2303"]
[BlackElo "1839"]

1.d4 Nf6 2.c4 g6 3.Nc3 Bg7 4.e4 d6 5.Nf3 O-O 6.Be2 e5 7.dxe5 dxe5 8.Qxd8 Rxd8
9.Bg5 Re8 10.Nd5 Nxd5 11.cxd5 c6 12.Bc4 cxd5 13.Bxd5 Nc6 14.O-O-O Be6 15.Kb1 Rac8
16.Be3 b6 17.Bxe6 Rxe6 18.Rd7 Rd8 19.Rhd1 Rxd7 20.Rxd7 Re7 21.Rxe7 Nxe7 22.Kc2 Nc8
23.Kd3 Nd6 24.Nd2 f5 25.f3 Kf7 26.Nc4 Ke6 27.Nxd6 Kxd6 28.Bd2 a6 29.Bb4+ Kc6
30.Bc3 f4 31.g3 g5 32.gxf4 gxf4 33.Bb4 Bf6 34.Bf8 h5 35.Kc4 Bh8 36.Be7  1/2-1/2

[Event "ch-KGZ Women 2013"]
[Site "Bishkek KGZ"]
[Date "2013.05.02"]
[Round "2"]
[White "Lim,G"]
[Black "Sydykova,Myrzagul"]
[Result "1-0"]
[WhiteElo "1981"]
[BlackElo "1742"]

1.c4 Nf6 2.Nc3 g6 3.e4 d6 4.d4 Bg7 5.Be2 O-O 6.Nf3 e5 7.dxe5 dxe5 8.Bg5 Nbd7
9.O-O h6 10.Bh4 g5 11.Bg3 Ne8 12.Nxe5 Bxe5 13.Bxe5 Qe7 14.Bd4 Nd6 15.Nd5 Qd8
16.f3 c6 17.Ne3 Qe7 18.c5 Nb5 19.Bxb5 cxb5 20.Nf5 Qe6 21.Qb3 Qxb3 22.axb3 Kh7
23.Nd6 b4 24.Ra4 Nb8 25.Rxb4 Nc6 26.Ra4 Be6 27.Bc3 b6 28.b4 bxc5 29.bxc5 Rab8
30.Rfa1 Bc8 31.b4 a6 32.Nxc8 Rfxc8 33.Rxa6 Nxb4 34.Rf6 Rxc5 35.Rxf7+ Kg8
36.Rg7+ Kf8 37.Bxb4 Rxb4 38.Rh7 Kg8 39.Rxh6 Rb2 40.Rh5 Kg7 41.h4 Kg6 42.Rxg5+ Rxg5
43.hxg5 Kxg5 44.Kh2  1-0

[Event "Mistrzostwa Malopolski A"]
[Site "Krakow POL"]
[Date "2013.05.02"]
[Round "5.10"]
[White "Chmiel,M"]
[Black "Lis,Mateusz"]
[Result "1-0"]
[WhiteElo "1956"]
[BlackElo "1687"]

1.d4 Nf6 2.c4 g6 3.Nc3 Bg7 4.e4 d6 5.Nf3 O-O 6.Be2 Nbd7 7.O-O e5 8.Re1 Re8
9.Bf1 exd4 10.Nxd4 Nc5 11.f3 a5 12.Be3 Nfd7 13.Qd2 Ne5 14.Rad1 Ne6 15.Ndb5 f6
16.c5 Qd7 17.Nd5 Rd8 18.cxd6 Qf7 19.Nbxc7 Nxc7 20.Nxc7 Be6 21.Nxe6 Qxe6 22.Qd5 Qxd5
23.Rxd5 Bf8 24.f4 Nf7 25.e5 Nh6 26.Bb6 a4 27.Bxd8 Rxd8 28.e6 Bxd6 29.Rxd6  1-0

[Event "Chinese Teams 2013"]
[Site "Tianjin CHN"]
[Date "2013.05.02"]
[Round "3.5"]
[White "Chu Wei Chao"]
[Black "Lin Chen"]
[Result "0-1"]
[WhiteElo "2257"]
[BlackElo "2472"]

1.d4 Nf6 2.c4 g6 3.Nc3 Bg7 4.e4 d6 5.Nf3 O-O 6.Be2 Nbd7 7.O-O e5 8.Qc2 c6
9.Rd1 Qe7 10.d5 c5 11.a3 Ne8 12.b4 b6 13.Rb1 h6 14.Bd3 Nc7 15.Bd2 Nf6 16.bxc5 dxc5
17.a4 Qd6 18.Rb3 a5 19.Qb2 Nd7 20.Rb1 Na6 21.Nb5 Qf6 22.Qc1 g5 23.Be2 Qg6
24.Qd1 Nb4 25.h4 g4 26.h5 Qxh5 27.Nh2 Nf6 28.Nd6 Qg6 29.Nxc8 Raxc8 30.Bxg4 Nxe4
31.Bxc8 Rxc8 32.Be1 f5 33.Qe2 Kh7 34.Rd1 Rg8 35.Nf1 Bf6 36.Ng3 Nd6 37.Qh5 f4
38.Qxg6+ Kxg6 39.Ne2 Kf5 40.Rc1 e4 41.Bc3 Nd3 42.Rf1 Nxc4 43.Bxf6 Kxf6 44.Nc3 Kf5
45.Rd1 Nde5 46.Ne2 e3 47.Kf1 Nd2+ 48.Rxd2 exd2 49.Nc3 Nc4  0-1

[Event "31st Liechtenstein Open 2013"]
[Site "Triesen LIE"]
[Date "2013.05.03"]
[Round "1.10"]
[White "Hofer,Emilian"]
[Black "Paehtz,T sr"]
[Result "1/2-1/2"]
[WhiteElo "1979"]
[BlackElo "2410"]

1.e4 g6 2.d4 Bg7 3.Nf3 d6 4.c4 Nf6 5.Nc3 O-O 6.Be2 e5 7.d5 a5 8.O-O Na6 9.Qc2 Nh5
10.Rb1 Nf4 11.a3 f5 12.b4 axb4 13.axb4 c5 14.dxc6 bxc6 15.Rd1 c5 16.bxc5 Nxc5
17.Bxf4 exf4 18.e5 Ra6 19.Nb5 g5 20.exd6 g4 21.Ne1 f3 22.Bf1 Bb7 23.Qd2 fxg2
24.Nxg2 Ne4 25.Qc2 Be5 26.c5 Qf6 27.Nc7 Ra7 28.Qc4+ Kh8 29.Qe6 Qg7 30.Ne8 Ng5
31.Nxg7 Nh3+ 32.Kh1 Nxf2+ 33.Kg1 Nh3+ 34.Kh1  1/2-1/2

[Event "Oceania Open zt 2013"]
[Site "Nadi FIJ"]
[Date "2013.05.05"]
[Round "1.7"]
[White "Bekker,G"]
[Black "Smith,Ro"]
[Result "0-1"]
[WhiteElo "1827"]
[BlackElo "2227"]

1.d4 Nf6 2.c4 g6 3.Nc3 Bg7 4.e4 d6 5.Nf3 O-O 6.Be2 Nbd7 7.O-O e5 8.Re1 c6
9.Bf1 a6 10.d5 cxd5 11.cxd5 b5 12.b4 Ne8 13.a4 bxa4 14.Nxa4 f5 15.Ng5 Nc7
16.Qb3 Kh8 17.exf5 gxf5 18.Ra2 Rb8 19.Bd2 Nf6 20.Ne6 Nxe6 21.dxe6 Qe7 22.Bc4 d5
23.Nc5 dxc4 24.Qxc4 Ne4  0-1

[Event "Tschaturanga Open 2013"]
[Site "Vienna AUT"]
[Date "2013.05.07"]
[Round "2.1"]
[White "Lytvynets,Dmytro"]
[Black "Stanec,N"]
[Result "0-1"]
[WhiteElo "2107"]
[BlackElo "2516"]

1.d4 g6 2.c4 Bg7 3.e4 d6 4.Nc3 Nd7 5.Nf3 e5 6.Be2 Ngf6 7.O-O O-O 8.dxe5 dxe5
9.Bg5 h6 10.Bxf6 Qxf6 11.Qc2 c6 12.Rad1 Nc5 13.h3 Re8 14.Rfe1 h5 15.Qd2 Ne6
16.Qd6 Rd8 17.Qb4 Nd4 18.Nxd4 exd4 19.Nb1 b6 20.Bd3 Bf8 21.Qb3 Bd6 22.Bf1 Qe5
23.g3 h4 24.f4 Qa5 25.a3 hxg3 26.Qxg3 Qh5 27.Bg2 Be7 28.Rf1 Bh4 29.Qf3 Qxf3
30.Rxf3 c5 31.a4 Bb7 32.Rfd3 Kg7 33.Nd2 Rab8 34.Rf1 Bc6 35.b3 a6 36.Rc1 Be7
37.Kf2 g5 38.f5 Bd6 39.Rc2 Bf4 40.Nf1 Re8 41.Re2 Re5 42.Nd2 Rbe8 43.Bf3 Kf6
44.Bg2 a5 45.Bf3 Bxd2 46.Rexd2 Bxe4 47.Bxe4 Rxe4 48.Rf3 Re3 49.Rd3 Rxd3 50.Rxd3 Kxf5
51.Rf3+ Kg6  0-1

[Event "Asian Zonal 3.1 2013"]
[Site "Doha QAT"]
[Date "2013.05.08"]
[Round "5.5"]
[White "Faraj,Y"]
[Black "Al Modiahki,M"]
[Result "0-1"]
[WhiteElo "2264"]
[BlackElo "2550"]

1.Nf3 Nf6 2.c4 g6 3.Nc3 Bg7 4.e4 d6 5.d4 O-O 6.Be2 e5 7.dxe5 dxe5 8.Qxd8 Rxd8
9.Bg5 Re8 10.O-O-O Na6 11.Nxe5 Nc5 12.Nf3 Nfxe4 13.Nxe4 Nxe4 14.Be3 Nxf2
15.Bxf2 Bh6+ 16.Kb1 Rxe2 17.Rd8+ Bf8 18.Rd2 Bf5+ 19.Ka1 Rxd2 20.Nxd2 Rd8
21.Nf3 Bg7 22.Re1 Be6 23.c5 Rd5 24.Be3 h6 25.Kb1 a5 26.h3 h5 27.Ng5 Bf5+
28.Ka1 Bf8 29.Rc1 Bh6 30.Re1 Re5 31.h4 f6 32.Nf7 Kxf7  0-1

[Event "31st Liechtenstein Open 2013"]
[Site "Triesen LIE"]
[Date "2013.05.08"]
[Round "6.13"]
[White "Kessler,L"]
[Black "Mannhart,M"]
[Result "1-0"]
[WhiteElo "2244"]
[BlackElo "2094"]

1.d4 Nf6 2.c4 d6 3.Nc3 Nbd7 4.e4 e5 5.Nf3 g6 6.Be2 Bg7 7.O-O O-O 8.Qc2 c6
9.Rd1 Qc7 10.Rb1 Re8 11.b4 Nf8 12.d5 cxd5 13.Nb5 Qb8 14.cxd5 Bg4 15.Nc3 Rc8
16.Qb3 Qc7 17.Bd2 Ne8 18.Rbc1 Qd8 19.a4 h6 20.a5 f5 21.h3 Bh5 22.Qb1 f4 23.g4 fxg3
24.fxg3 g5 25.Kg2 Nf6 26.Be3 Bg6 27.Nd2 N8h7 28.Nb5 Rxc1 29.Rxc1 a6 30.Bb6 Qf8
31.Nc7 Rc8 32.Bd3 Bf7 33.b5 axb5 34.Nxb5 Rxc1 35.Qxc1 Ne8 36.Qc8 h5 37.Qxb7 h4
38.g4 Bg6 39.Be3  1-0

[Event "Oceania Open zt 2013"]
[Site "Nadi FIJ"]
[Date "2013.05.09"]
[Round "8.3"]
[White "Dale,Ari"]
[Black "Lekkas,Frank"]
[Result "1-0"]
[WhiteElo "2222"]
[BlackElo "2045"]

1.d4 Nf6 2.c4 g6 3.Nc3 Bg7 4.e4 d6 5.Nf3 O-O 6.Be2 e5 7.Be3 Ng4 8.Bg5 f6
9.Bh4 g5 10.Bg3 Nh6 11.d5 Nd7 12.O-O f5 13.exf5 Nxf5 14.Nd2 a5 15.Nde4 b6
16.b3 Nc5 17.Rb1 Nd4 18.Bg4 h6 19.Nxc5 bxc5 20.Ne4 Bxg4 21.Qxg4 Qe8 22.Rfe1 Rf5
23.Qd1 Qg6 24.f3 h5 25.Bf2 g4 26.fxg4 hxg4 27.Bxd4 cxd4 28.Qd3 Rf3 29.Qd1 Rf4
30.Ng3 e4 31.Ne2 Qf6 32.Nxf4 Qxf4 33.g3 Qf5 34.Rf1 Qe5 35.Qxg4 d3 36.Rf5 Qd4+
37.Kg2 Re8 38.Qg6 Re7 39.Rbf1 Qb2+ 40.Kh3  1-0

[Event "Tschaturanga Open 2013"]
[Site "Vienna AUT"]
[Date "2013.05.09"]
[Round "4.11"]
[White "Kunschek,H"]
[Black "Steinert,Mart"]
[Result "0-1"]
[WhiteElo "1921"]
[BlackElo "2144"]

1.e4 g6 2.d4 d6 3.c4 Bg7 4.Nc3 Nf6 5.Nf3 O-O 6.Be2 e5 7.dxe5 dxe5 8.Qxd8 Rxd8
9.Nxe5 Nxe4 10.Nxf7 Bxc3+ 11.bxc3 Kxf7  0-1

[Event "II Maremma Open"]
[Site "Grosseto ITA"]
[Date "2013.05.11"]
[Round "5"]
[White "Zimina,O"]
[Black "Libiszewski,F"]
[Result "0-1"]
[WhiteElo "2334"]
[BlackElo "2501"]

1.Nf3 Nf6 2.c4 g6 3.Nc3 Bg7 4.e4 d6 5.d4 O-O 6.Be2 Nbd7 7.O-O e5 8.Be3 Qe7
9.Qc2 c6 10.d5 c5 11.a3 Ng4 12.Bg5 f6 13.Bh4 h5 14.Nd2 Nh6 15.f3 Nf7 16.b4 Bh6
17.Bf2 b6 18.Nb3 Ng5 19.Bd3 Rf7 20.Rab1 Nf8 21.bxc5 bxc5 22.Na5 f5 23.Qe2 h4
24.h3 fxe4 25.Nxe4 Nxe4 26.Bxe4 Bf4 27.Rb3 Qg5 28.Kh1 Nd7 29.Rfb1 Kg7 30.Nc6 Nf6
31.Qe1 Bg3 32.Bxg3 hxg3 33.Rb8 Rxb8 34.Rxb8 Nxe4 35.fxe4 Bxh3 36.Rb3 Bxg2+
37.Kxg2 Rf2+ 38.Kg1 Qh4 39.Qxf2 gxf2+ 40.Kg2 Qxe4+  0-1

[Event "HC Andersen Open 2013"]
[Site "Odense DEN"]
[Date "2013.05.12"]
[Round "9.13"]
[White "Rendboe,J"]
[Black "Hylle-Wiig,Lennart Moesgaard"]
[Result "1-0"]
[WhiteElo "2241"]
[BlackElo "1856"]

1.d4 g6 2.c4 Bg7 3.Nc3 Nf6 4.e4 d6 5.Nf3 O-O 6.Be2 Nbd7 7.O-O e5 8.Rb1 a5
9.a3 exd4 10.Nxd4 Nc5 11.f3 Bd7 12.Be3 b6 13.b4 Nb7 14.Qd2 Re8 15.Rfe1 Qc8
16.Rec1 Nh5 17.Nd5 f5 18.Nb5 Bxb5 19.cxb5 fxe4 20.Nxc7 exf3 21.Bxf3  1-0

[Event "2nd Oscar Panno GM"]
[Site "Moron ARG"]
[Date "2013.05.13"]
[Round "2"]
[White "Perez Ponsa,F"]
[Black "Villanueva,Mar"]
[Result "1-0"]
[WhiteElo "2474"]
[BlackElo "2402"]

1.d4 Nf6 2.c4 g6 3.Nc3 Bg7 4.e4 d6 5.Nf3 O-O 6.Be2 e5 7.O-O Na6 8.Be3 Ng4
9.Bg5 Qe8 10.h3 exd4 11.Nxd4 h6 12.Bc1 Nf6 13.Bd3 Nc5 14.Re1 Nxd3 15.Qxd3 Nd7
16.Be3 Nc5 17.Qc2 c6 18.Rad1 Qe7 19.b4 Ne6 20.Nf3 Ng5 21.Nxg5 hxg5 22.c5 Rd8
23.Qd2 Qe5 24.Bxg5 Rd7 25.Nd5 dxc5 26.bxc5 Qe8 27.Re3 Qf8 28.Qe2 f6 29.Nxf6+ Bxf6
30.Rf3 Rf7 31.Rxf6 Rxf6 32.e5 Re6 33.Qc4 Qf5 34.Rd8+ Kf7 35.Bf6 g5 36.Qd4 Qf4
37.Rd7+ Ke8 38.Rd8+ Kf7 39.Qd1 Rxf6 40.exf6 Bg4 41.Qb3+ Be6 42.Qxb7+ Kg6
43.Qg7+ Kf5 44.g4+ Ke4 45.Qh7+ Ke5 46.Qc7+  1-0

[Event "2nd Oscar Panno GM"]
[Site "Moron ARG"]
[Date "2013.05.15"]
[Round "4"]
[White "Barbosa,Ev"]
[Black "Villanueva,Mar"]
[Result "1/2-1/2"]
[WhiteElo "2441"]
[BlackElo "2402"]

1.d4 Nf6 2.c4 g6 3.Nc3 Bg7 4.e4 d6 5.Nf3 O-O 6.Be2 e5 7.d5 a5 8.Bg5 h6 9.Bh4 Na6
10.Nd2 Qe8 11.O-O Nh7 12.a3 Bd7 13.b3 h5 14.f3 Bf6 15.Bf2 Qe7 16.Rb1 Bh4
17.Qe1 Bxf2+ 18.Qxf2 h4 19.b4 axb4 20.axb4 Kg7 21.c5 dxc5 22.b5 Nb4 23.Nc4 Nf6
24.Qxh4 Nfxd5 25.Qxe7 Nxe7 26.Nxe5 Be6 27.Bc4 Bxc4 28.Nxc4 Rfd8 29.Rfd1 b6
30.Kf2 Nc2 31.h4 Rd4 32.Rxd4 cxd4 33.Rb2 Na3 34.Nxa3 Rxa3 35.Ne2 Ra4 36.Nf4 Rc4
37.Ke2 Nc8 38.Kd3 Nd6 39.Ne2 Ra4 40.Nxd4 Nc4 41.Rc2 Ne5+ 42.Ke3 Nc4+ 43.Kf4 Nd6
44.Ke3 Nc4+ 45.Ke2 Nd6 46.Kd3 Rb4 47.f4 Nxb5 48.Nxb5 Rxb5 49.Rxc7 Rb2 50.Rc2 Rb3+
51.Rc3 Rb2 52.g3 b5 53.Ke3 b4 54.Rc7 Rb3+ 55.Kf2 Rd3 56.Rb7 b3 57.e5 Kf8
58.Kg2 Rd2+ 59.Kf3 Rd3+ 60.Kf2 Rc3 61.g4 Rc2+ 62.Kf3 Rc3+ 63.Ke4 Rc4+ 64.Ke3 Rc3+
65.Kd4 Rg3 66.g5 Rh3 67.Ke4 Rxh4 68.Rxb3 Rh1 69.Rb4 Ke7 70.Rb7+ Ke6 71.Rb6+ Ke7
72.Rf6 Re1+ 73.Kf3 Ke8 74.Kf2 Re4 75.Kf3 Re1 76.Ra6 Ke7 77.Rd6 Ke8 78.Rd3 Ke7
79.Rd6 Ke8 80.Rd4 Ke7 81.Kf2 Ra1 82.Rd6 Ra4 83.Kg3 Re4 84.Kf3 Re1 85.Rb6 Ke8
86.Rb7 Kf8 87.Ra7 Ke8 88.Kf2 Re4 89.Kf3 Re1 90.Ra4 Ke7 91.Kf2 Rb1 92.Ke3 Rd1
93.Ke4 Ke6 94.Ra6+ Ke7 95.Ra7+ Ke6 96.Ra6+ Ke7 97.Rb6 Rd2 98.Rf6 Re2+ 99.Kd4 Re1
100.Kd5 Rd1+ 101.Kc5 Rc1+ 102.Kd5 Rd1+ 103.Kc4 Rc1+ 104.Kd5 Rd1+ 105.Ke4 Re1+
106.Kf3 Ke8  1/2-1/2